Medicina de la comunidad ¿una nueva policía médica? /

Tallennettuna:
Bibliografiset tiedot
Päätekijä: Breich, Jaime
Aineistotyyppi: Teksti
Tagit: Lisää tagi
Ei tageja, Lisää ensimmäinen tagi!

MARC

LEADER 00000 a a2200000 04500
001 14193
003
040
100 |a Breich, Jaime  
245 |a Medicina de la comunidad ¿una nueva policía médica? /  |c Jaime Breich 
773 |g número 6; páginas 123-145  
999 |c 40026  |d 40026